Muslims and Christians face to face

Bibliographic Details
Main Author: Zebiri, Kate
Format: Book
Published: Oxford, England Rockport, MA, USA : Oneworld , 1997.
Subjects:

MARC

LEADER 00000cam a2200000 7i4500
001 0000003473
005 20060330.0
020 0 0 |a 1851681337 
090 0 0 |a 261.27   |b ZEB 
100 1 0 |a Zebiri, Kate. 
245 1 0 |a Muslims and Christians face to face   |c Kate Zebiri. 
260 0 0 |a Oxford, England   |a Rockport, MA, USA :   |b Oneworld ,   |c 1997. 
300 |a x, 258 p. ;   |c 23 cm. 
650 0 0 |a Christianity and other religions   |x Islam. 
650 0 0 |a Islam   |x Relations   |x Christianity. 
999 |a 0000006557   |b Monograph   |c Open Shelf   |e Default branch